|
|
|
|
| LEADER |
00708cam a2200205 7i4500 |
| 001 |
0000036987 |
| 005 |
20221017090000.0 |
| 008 |
221013t2020 eng |
| 020 |
# |
# |
|a 9781401965358
|
| 040 |
# |
# |
|a MATR
|
| 090 |
0 |
0 |
|a B 658.8
|b GEN
|
| 100 |
1 |
# |
|a Gentempo, Patrick
|e author
|
| 245 |
1 |
0 |
|a YOUR STAND IS YOUR BRAND :
|b HOW DECIDING WHO TO BE WILL REVOLUTIONIZE YOUR BUSINESS AND CHANGE YOUR LIFE
|c Patrick Gentempo.
|
| 260 |
# |
# |
|a Carlsbad, California:
|b Hay House,
|c 2020.
|
| 336 |
# |
# |
|a text
|2 rdacontent
|
| 337 |
# |
# |
|a unmediated
|2 rdamedia
|
| 338 |
# |
# |
|a volume
|2 rdacarrier
|
| 650 |
# |
0 |
|a Success in business
|
| 650 |
# |
0 |
|a Branding (marketing)
|
| 999 |
|
|
|a B000041957
|b Book
|c Book
|e Business Information Centre
|